000 00720cam a2200265 4500500
005 20260405003501.0
041 _afre
042 _adc
100 1 0 _aLarmagnac-Matheron, Octave
_eauthor
245 0 0 _aUn poisson nommé Bergson ?
260 _c2022.
500 _a30
690 _aBergson
690 _aBiologie
690 _aCœur
690 _aÉlan vital
690 _aMécanique
690 _aMédecine
690 _aMicro-organisme
690 _aPoisson
690 _aScience
690 _aVivant
786 0 _nPhilosophie magazine | 158 | 4 | 2022-04-01 | p. 6-6 | 1951-1787
856 4 1 _uhttps://shs.cairn.info/magazine-philosophie-magazine-2022-4-page-6?lang=fr&redirect-ssocas=7080
999 _c2067990
_d2067990